| 000 | 01007cam a2200325 a 4500 | ||
|---|---|---|---|
| 999 |
_c522656 _d522656 |
||
| 001 | 4652867 | ||
| 003 | NUST | ||
| 005 | 20181221042444.0 | ||
| 008 | 791213s1978 enk b 001 0 eng | ||
| 010 | _a 79321072 | ||
| 015 | _aGB78-29240 | ||
| 020 |
_a0713911468 : _c£7.95 |
||
| 020 | _a0140220399 (pbk.) | ||
| 038 | _awaseem | ||
| 040 |
_aDLC _cDLC _dDLC |
||
| 050 | 0 | 0 |
_aHN17.5 _b.K83 1978b |
| 082 | 0 | 0 |
_a301 _bKUM |
| 100 | 1 |
_aKumar, Krishan, _d1942- _912754 |
|
| 245 | 1 | 0 |
_aProphecy and progress : _bthe sociology of industrial and post-industrial society / _c[by] Krishan Kumar. |
| 260 |
_aHarmondsworth ; _aNew York [etc.] : _bPenguin, _c1978. |
||
| 300 |
_a416 p. ; _c19 cm. |
||
| 500 | _aIncludes index. | ||
| 504 | _aBibliography: p. 386-405. | ||
| 650 | 0 |
_aSocial history _y20th century. _912755 |
|
| 650 | 0 |
_aSocial prediction. _912756 |
|
| 650 | 0 |
_aProgress. _912757 |
|
| 740 | 0 | _aPost-industrial society. | |
| 906 |
_a7 _bcbc _corignew _d4 _encip _f19 _gy-gencatlg |
||
| 942 |
_2ddc _cBK |
||